00731nam a2200229Ia 4500003000400000005001700004006001800021007000300039008004100042024001000083037001100093040001800104041001300122100001900135110007600154245013600230260000900366300001800375650001200393700002000405700007600425OSt20220930092143.0a|||||r|||| 00| 0ta220926b |||||||| |||| 00| 0 eng d a12458 cTheses aCRLcCRLbeng 2engaeng aShashank A Au. aUniversity of Delhi. Faculty of Medical Sciences. Department of Surgery 0aClinical presentation and outcome of soft tissue infections b Cellulitis, abscess, pyomyositis, necrotizing soft tissue infection  c2014 a83p.ap.ccm. aSURGERY a Gupta Arun Gu. aUniversity of Delhi. Faculty of Medical Sciences. Department of Surgery